Stranger stories : (Record no. 169493)

MARC details
000 -LEADER
fixed length control field 00532nam a22001817a 4500
005 - DATE AND TIME OF LATEST TRANSACTION
control field 20191121151833.0
010 ## - LCCN (DPL NO)
LC control number ENG-126968
020 ## - INTERNATIONAL STANDARD BOOK NUMBER
International Standard Book Number 9788194318019
Terms of availability 199.00
035 ## - SYSTEM CONTROL NUMBER
System control number EN-110500
037 ## - SOURCE OF ACQUISITION
Source of stock number/acquisition DBAD/PUB
082 ## - DEWEY DECIMAL CLASSIFICATION NUMBER
Classification number S
100 ## - MAIN ENTRY--PERSONAL NAME
Personal name Betab, Phalak
245 ## - TITLE STATEMENT
Title Stranger stories :
Statement of responsibility, etc by Phalak Betab
Remainder of title hope it helps someone /
260 ## - PUBLICATION, DISTRIBUTION, ETC. (IMPRINT)
Place of publication, distribution, etc Delhi
Name of publisher, distributor, etc Orangebooks Publications
Date of publication, distribution, etc 2019
270 ## - ADDRESS
Address Vishvidyalaya Marg, Civil Lines, Delhi NCR
City New Delhi
Postal code 110054
300 ## - PHYSICAL DESCRIPTION
Extent viii;51p.
Dimensions 21cm(pbk)
942 ## - ADDED ENTRY ELEMENTS (KOHA)
Source of classification or shelving scheme Dewey Decimal Classification
Item type English Books
Classification part S
Call number suffix BET
Holdings
Withdrawn status Lost status Not for loan Collection code Home library Current library Date acquired Source of acquisition Cost, normal purchase price Full call number Barcode Copy number Cost, replacement price Koha item type
      Non-fiction Central Library Central Library 21/11/2019 DBAD/PUB 199.00 S BET EN-110500 1 199.00 English Books

© Delhi Public Library
Hit Counter
free hit counter